Dua Lipa - Chansons de l'album Radical Optimism - Statistiques

Statistiques générales
  • Ce quiz a été pris 276 fois
  • Le résultat moyen est 10 sur 11
Statistiques - réponses
Hint Réponse % Correct
2 Houdini
100%
7 Illusion
95%
3 Training Season
95%
10 Maria
94%
1 End of An Era
90%
4 These Walls
89%
6 French Exit
87%
11 Happy For You
85%
8 Falling Forever
80%
9 Anything For Love
72%
5 Watcha Doing
72%
Aucun quiz correspondant
Distribution des résultats
% des personnes avec chaque résultat
Percentile par nombre de réponses
Votre historique - résultats
Vous n’avez pas pris ce quiz